[Event "ONGC 53rd National Premier Chess Championship 2015"]
[Site "Hotel Kasi's Inn,Tiruvarur"]
[Date "2015.11.15"]
[Round "1"]
[Board "1"]
[White "Karthikeyan, P."]
[Black "Venkatesh, M.R."]
[Result "1-0"]
[WhiteElo "2441"]
[BlackElo "2464"]
[PlyCount "99"]
[EventDate "2015.11.15"]
[EventRounds "13"]
[EventCountry "IND"]

1. Nf3 d5 2. c4 c6 3. e3 Nf6 4. Nc3 e6 5. b3 Bd6 6. Bb2 Nbd7 7. Qc2 a6 8. Be2
b5 9. g4 h6 10. Rg1 g5 11. cxd5 cxd5 12. Nxd5 exd5 13. Qc6 Qc7 14. Qxa8 O-O 15.
Rc1 Nc5 16. b4 Bd7 17. Qxa6 Nxa6 18. Rxc7 Nxc7 19. Bxf6 Ra8 20. h4 Bxb4 21.
hxg5 Ne8 22. Bd4 hxg5 23. Ne5 Bc8 24. Nc6 Bf8 25. Bxb5 Rxa2 26. Rh1 Bg7 27.
Ne7+ Kf8 28. Bxg7+ Nxg7 29. Ng6+ fxg6 30. Rh8+ Ke7 31. Rxc8 d4 32. Rc7+ Kf6 33.
Rf7+ Kxf7 34. Bc4+ Kf6 35. Bxa2 Ke5 36. Ke2 Ne8 37. Bf7 Nf6 38. f3 Nd7 39. Bxg6
Nc5 40. Bf5 Nb3 41. Bc2 Nc5 42. Kf2 dxe3+ 43. dxe3 Ne6 44. Kg3 Nc7 45. f4+ Kf6
46. Bb3 Nb5 47. e4 Nd4 48. e5+ Ke7 49. Bc4 Nc6 50. Kf3 1-0

[Event "ONGC 53rd National Premier Chess Championship 2015"]
[Site "Hotel Kasi's Inn,Tiruvarur"]
[Date "2015.11.15"]
[Round "1"]
[Board "2"]
[White "Karthikeyan, Murali"]
[Black "Sethuraman, S.P."]
[Result "0-1"]
[WhiteElo "2498"]
[BlackElo "2651"]
[PlyCount "86"]
[EventDate "2015.11.15"]
[EventRounds "13"]
[EventCountry "IND"]

1. e4 c5 2. Nf3 e6 3. d4 cxd4 4. Nxd4 Nc6 5. Nc3 Qc7 6. Be2 Nf6 7. O-O Be7 8.
Kh1 O-O 9. f4 d6 10. Be3 Nxd4 11. Qxd4 a6 12. a4 Bd7 13. a5 Bc6 14. f5 Kh8 15.
Qd3 Rae8 16. Bf4 Qc8 17. Bf3 Rd8 18. Qe2 Nd7 19. g4 Rfe8 20. Qg2 Ne5 21. Bxe5
dxe5 22. g5 exf5 23. exf5 Bxf3 24. Rxf3 Qc6 25. Raf1 Bb4 26. g6 fxg6 27. fxg6
hxg6 28. Ne4 Kg8 29. Ng5 Bd2 30. Nf7 Rd7 31. Rd3 Rxd3 32. Qxc6 bxc6 33. cxd3
Bf4 34. Nd6 Rd8 35. Nc4 Rxd3 36. Re1 Rd5 37. Kg2 Kf7 38. Re2 Ke6 39. Rc2 Kf5
40. b4 Ke4 41. Kf2 Kd3 42. Na3 c5 43. bxc5 Rxc5 0-1

[Event "ONGC 53rd National Premier Chess Championship 2015"]
[Site "Hotel Kasi's Inn,Tiruvarur"]
[Date "2015.11.15"]
[Round "1"]
[Board "3"]
[White "Neelotpal, Das"]
[Black "Das, Arghyadip"]
[Result "1/2-1/2"]
[WhiteElo "2475"]
[BlackElo "2456"]
[PlyCount "53"]
[EventDate "2015.11.15"]
[EventRounds "13"]
[EventCountry "IND"]

1. d4 Nf6 2. c4 e6 3. Nf3 d5 4. Nc3 c6 5. e3 Nbd7 6. Qc2 Bd6 7. Bd3 O-O 8. O-O
dxc4 9. Bxc4 b5 10. Bd3 Bb7 11. a3 Rc8 12. b4 c5 13. bxc5 Bxf3 14. cxd6 Nd5 15.
gxf3 Qg5+ 16. Kh1 Qh5 17. Be2 Nxc3 18. Rg1 Nf6 19. Rg2 Rfd8 20. Bb2 Nfd5 21.
Rag1 g6 22. Bxc3 Nxc3 23. Rg5 Qh4 24. Rc5 Qxf2 25. Qxc3 Qxe2 26. Rxc8 Qxf3+ 27.
Rg2 1/2-1/2

[Event "ONGC 53rd National Premier Chess Championship 2015"]
[Site "Hotel Kasi's Inn,Tiruvarur"]
[Date "2015.11.15"]
[Round "1"]
[Board "4"]
[White "Sengupta, Deep"]
[Black "Swapnil, S. Dhopade"]
[Result "1/2-1/2"]
[WhiteElo "2589"]
[BlackElo "2497"]
[PlyCount "91"]
[EventDate "2015.11.15"]
[EventRounds "13"]
[EventCountry "IND"]

1. e4 c6 2. Nc3 d5 3. Nf3 Bg4 4. h3 Bh5 5. d3 e6 6. Be2 Nf6 7. O-O Be7 8. Bf4
O-O 9. Nd2 Bg6 10. Bf3 Nbd7 11. Bh2 a5 12. a3 a4 13. Ne2 Qb6 14. Rb1 dxe4 15.
dxe4 Rfd8 16. Nc3 Qc5 17. Bc7 Rdc8 18. Bf4 b5 19. Qe2 Qb6 20. Rfd1 e5 21. Be3
Bc5 22. Nf1 Nf8 23. Bg4 Nxg4 24. hxg4 Ne6 25. Bxc5 Qxc5 26. Qe3 f6 27. Qxc5
Nxc5 28. f3 Rd8 29. Ne3 Bf7 30. Rxd8+ Rxd8 31. Rd1 Rxd1+ 32. Ncxd1 Kf8 33. Kf2
g6 34. Ke2 Ke7 35. Kd2 Kd6 36. Nf2 Ne6 37. Nd3 Nf4 38. Nc1 Kc5 39. Kc3 h6 40.
b3 axb3 41. cxb3 Kb6 42. b4 Kc7 43. Nd3 Nxd3 44. Kxd3 Kd6 45. Nd1 Be6 46. Ne3
 1/2-1/2

[Event "ONGC 53rd National Premier Chess Championship 2015"]
[Site "Hotel Kasi's Inn,Tiruvarur"]
[Date "2015.11.15"]
[Round "1"]
[Board "5"]
[White "Shyam, Sundar M."]
[Black "Kunte, Abhijit"]
[Result "1-0"]
[WhiteElo "2481"]
[BlackElo "2515"]
[PlyCount "101"]
[EventDate "2015.11.15"]
[EventRounds "13"]
[EventCountry "IND"]

1. c4 c5 2. Nf3 Nc6 3. Nc3 Nd4 4. g3 g6 5. Bg2 Bg7 6. O-O d6 7. Rb1 Nf6 8. b4
O-O 9. bxc5 dxc5 10. Na4 Ne6 11. d3 Qc7 12. Nc3 Rd8 13. Nb5 Qb8 14. a4 Bd7 15.
Ng5 Nxg5 16. Bxg5 Qc8 17. Nc3 Bc6 18. Bxc6 Qxc6 19. Qb3 Rd7 20. Qb5 Rc8 21. Qa5
Ra8 22. Qb5 Rc8 23. Qxc6 Rxc6 24. Rb5 Ne8 25. Nd5 f6 26. Be3 e6 27. Nf4 b6 28.
Rb3 f5 29. Rfb1 Bf6 30. h4 Bd8 31. Bd2 h6 32. Nxg6 Bc7 33. Bf4 Kf7 34. Ne5+
Bxe5 35. Bxe5 Nf6 36. a5 Rb7 37. axb6 axb6 38. Ra1 Nd7 39. Bf4 e5 40. Bd2 Kg6
41. Ra8 Re6 42. Rba3 e4 43. Rh8 Kh5 44. dxe4 fxe4 45. Raa8 Ne5 46. Rag8 Nf7 47.
Rh7 Rg6 48. Rhg7 Rxg7 49. Rxg7 Nd6 50. Rg8 Nxc4 51. Bc3 1-0

[Event "ONGC 53rd National Premier Chess Championship 2015"]
[Site "Hotel Kasi's Inn,Tiruvarur"]
[Date "2015.11.15"]
[Round "1"]
[Board "6"]
[White "K., Praneeth Surya"]
[Black "Vidit, Santosh Gujrathi"]
[Result "0-1"]
[WhiteElo "2413"]
[BlackElo "2651"]
[PlyCount "72"]
[EventDate "2015.11.15"]
[EventRounds "13"]
[EventCountry "IND"]

1. e4 c6 2. d4 d5 3. e5 Bf5 4. Nf3 e6 5. Be2 Ne7 6. O-O c5 7. c4 Nbc6 8. dxc5
d4 9. Qb3 Qd7 10. Rd1 Ng6 11. Nc3 f6 12. exf6 gxf6 13. Nd5 Kf7 14. g4 Bxg4 15.
Ng5+ fxg5 16. Bxg4 Nce5 17. Qh3 h5 18. Bxe6+ Qxe6 19. Qxe6+ Kxe6 20. Nc7+ Kd7
21. Nxa8 Bxc5 22. b4 Nf3+ 23. Kg2 Ngh4+ 24. Kh1 Be7 25. a3 Rxa8 26. Ra2 a5 27.
b5 Rc8 28. Rc2 g4 29. a4 Nf5 30. Kg2 Bb4 31. Kh1 b6 32. Bf4 Re8 33. Ra2 Re4 34.
Bc1 Kc7 35. Ba3 Bxa3 36. Rxa3 Re2 0-1

[Event "ONGC 53rd National Premier Chess Championship 2015"]
[Site "Hotel Kasi's Inn,Tiruvarur"]
[Date "2015.11.15"]
[Round "1"]
[Board "7"]
[White "Rathnakaran, K."]
[Black "Shyaamnikhil, P"]
[Result "1-0"]
[WhiteElo "2447"]
[BlackElo "2436"]
[PlyCount "60"]
[EventDate "2015.11.15"]
[EventRounds "13"]
[EventCountry "IND"]

1. e4 c5 2. Nf3 d6 3. c3 Nf6 4. Bc4 e6 5. Qe2 Be7 6. O-O O-O 7. Re1 d5 8. exd5
exd5 9. Qxe7 Qxe7 10. Rxe7 dxc4 11. b3 Nc6 12. Re1 cxb3 13. axb3 Bg4 14. d3
Rfd8 15. Re3 Nd5 16. Re2 f6 17. Rea2 Re8 18. Bd2 Bxf3 19. gxf3 Rad8 20. Kf1 a6
21. f4 Nc7 22. Be3 Rxd3 23. Rd2 Rxd2 24. Nxd2 Nd5 25. Bxc5 Nxc3 26. Nc4 Rb8 27.
Nd6 Nd5 28. f5 a5 29. Rd1 Nde7 30. Bb6 Ra8 1-0

[Event "ONGC 53rd National Premier Chess Championship 2015"]
[Site "Hotel Kasi's Inn,Tiruvarur"]
[Date "2015.11.16"]
[Round "2"]
[Board "1"]
[White "Venkatesh, M.R."]
[Black "Shyaamnikhil, P"]
[Result "0-1"]
[WhiteElo "2464"]
[BlackElo "2436"]
[PlyCount "64"]
[EventDate "2015.11.15"]
[EventRounds "13"]
[EventCountry "IND"]

1. Nf3 d5 2. g3 g6 3. c4 c6 4. Qa4 Nd7 5. cxd5 cxd5 6. Nc3 Ngf6 7. g4 h6 8. d3
Bg7 9. g5 hxg5 10. Bxg5 Kf8 11. Bg2 Nc5 12. Qa3 Ne6 13. Bd2 d4 14. Na4 Nd5 15.
Ng5 Nxg5 16. Bxg5 Ne3 17. Bxe3 dxe3 18. fxe3 Qa5+ 19. Kf2 Qg5 20. h4 Rxh4 21.
Nc5 Be5 22. Ne4 Rxe4 23. dxe4 Qg3+ 24. Kg1 Be6 25. Qd3 Kg7 26. Rf1 Rc8 27. Qd2
Rc2 28. Qe1 Qxe3+ 29. Qf2 Qxe2 30. Qxe2 Rxe2 31. b3 Rxa2 32. Rf3 Rb2 0-1

[Event "ONGC 53rd National Premier Chess Championship 2015"]
[Site "Hotel Kasi's Inn,Tiruvarur"]
[Date "2015.11.16"]
[Round "2"]
[Board "2"]
[White "Vidit, Santosh Gujrathi"]
[Black "Rathnakaran, K."]
[Result "1-0"]
[WhiteElo "2651"]
[BlackElo "2447"]
[PlyCount "71"]
[EventDate "2015.11.15"]
[EventRounds "13"]
[EventCountry "IND"]

1. d4 Nf6 2. c4 c5 3. Nf3 cxd4 4. Nxd4 e5 5. Nb5 d5 6. cxd5 Bc5 7. N5c3 O-O 8.
g3 Qb6 9. e3 Bg4 10. Be2 Bxe2 11. Qxe2 e4 12. a3 Re8 13. Nd2 Qc7 14. g4 h6 15.
h4 Qe5 16. Nc4 Qc7 17. g5 Nh7 18. gxh6 g6 19. b4 Bf8 20. Bb2 Na6 21. d6 Qd7 22.
Rd1 Rad8 23. Nd5 b5 24. Ne5 Qxd6 25. Ng4 Qxd5 26. Rxd5 Rxd5 27. Qc2 Re6 28. O-O
Be7 29. Rd1 Nc7 30. Rxd5 Nxd5 31. Qc8+ Bf8 32. Bg7 Ne7 33. Qa8 Rc6 34. Bxf8 Rc8
35. Qxe4 Kxf8 36. Qd4 1-0

[Event "ONGC 53rd National Premier Chess Championship 2015"]
[Site "Hotel Kasi's Inn,Tiruvarur"]
[Date "2015.11.16"]
[Round "2"]
[Board "3"]
[White "Kunte, Abhijit"]
[Black "K., Praneeth Surya"]
[Result "0-1"]
[WhiteElo "2515"]
[BlackElo "2413"]
[PlyCount "74"]
[EventDate "2015.11.15"]
[EventRounds "13"]
[EventCountry "IND"]

1. d4 Nf6 2. Nf3 g6 3. g3 Bg7 4. Bg2 O-O 5. O-O d6 6. Re1 Nbd7 7. e4 e5 8. Nc3
c6 9. a4 b6 10. h3 Qc7 11. Be3 Re8 12. Qd2 Bb7 13. Bh6 Bh8 14. Rad1 a6 15. dxe5
dxe5 16. Qd6 Rac8 17. Qxc7 Rxc7 18. Nd2 b5 19. Nb3 Bg7 20. Bxg7 Kxg7 21. Rd6
Kf8 22. f3 Ke7 23. Rdd1 Nb6 24. Nc5 Nfd7 25. Nxb7 Rxb7 26. a5 Na4 27. Bf1 Nxc3
28. bxc3 Nc5 29. Kf2 Rd8 30. Rxd8 Kxd8 31. Rb1 Na4 32. c4 b4 33. c5 Nxc5 34.
Bc4 f6 35. h4 Kc7 36. Ke3 Nd7 37. Bxa6 Ra7 0-1

[Event "ONGC 53rd National Premier Chess Championship 2015"]
[Site "Hotel Kasi's Inn,Tiruvarur"]
[Date "2015.11.16"]
[Round "2"]
[Board "4"]
[White "Swapnil, S. Dhopade"]
[Black "Shyam, Sundar M."]
[Result "1/2-1/2"]
[WhiteElo "2497"]
[BlackElo "2481"]
[PlyCount "50"]
[EventDate "2015.11.15"]
[EventRounds "13"]
[EventCountry "IND"]

1. d4 Nf6 2. c4 e6 3. Nf3 d5 4. Nc3 Bb4 5. Bg5 dxc4 6. e4 c5 7. Bxc4 cxd4 8.
Nxd4 Bxc3+ 9. bxc3 Qa5 10. Bb5+ Nbd7 11. Bxf6 Qxc3+ 12. Kf1 gxf6 13. h4 Ke7 14.
Rh3 Qa5 15. Rc1 a6 16. Be2 Rd8 17. Nb3 Qe5 18. Rd3 Qh2 19. Rh3 Qf4 20. Rd3 Qh2
21. Rh3 Qf4 22. Rd3 Qh2 23. Rh3 Qf4 24. Rd3 Qh2 25. Rh3 Qf4 1/2-1/2

[Event "ONGC 53rd National Premier Chess Championship 2015"]
[Site "Hotel Kasi's Inn,Tiruvarur"]
[Date "2015.11.16"]
[Round "2"]
[Board "5"]
[White "Das, Arghyadip"]
[Black "Sengupta, Deep"]
[Result "1-0"]
[WhiteElo "2456"]
[BlackElo "2589"]
[PlyCount "92"]
[EventDate "2015.11.15"]
[EventRounds "13"]
[EventCountry "IND"]

1. e4 c6 2. Nc3 d5 3. Qf3 d4 4. Bc4 e6 5. Nce2 c5 6. d3 Nc6 7. Qg3 Na5 8. Bb5+
Bd7 9. Bxd7+ Qxd7 10. Nf3 Nc6 11. O-O Nge7 12. h4 h5 13. a3 Ng6 14. Bf4 Be7 15.
Rfd1 Bf6 16. e5 Bd8 17. Qh2 Bc7 18. Bg3 O-O-O 19. Rab1 Kb8 20. b4 cxb4 21. axb4
Bb6 22. Nf4 Nge7 23. b5 Na5 24. Ne2 Rc8 25. Rb2 Nf5 26. Bf4 Rc5 27. Rdb1 Rhc8
28. Ne1 Bc7 29. Ng3 Nxg3 30. Qxg3 g6 31. Nf3 Bb6 32. Ne1 Rd5 33. Bd2 Rcc5 34.
Qf4 Bc7 35. Nf3 b6 36. Qf6 Nb7 37. Qh8+ Bd8 38. Qf8 Kc8 39. Bf4 Qc7 40. Ng5 Rd7
41. Ne4 Rxe5 42. Rb4 Rdd5 43. Rc4 Nc5 44. Bxe5 Qxe5 45. Qxf7 Bc7 46. g3 Kb7 1-0

[Event "ONGC 53rd National Premier Chess Championship 2015"]
[Site "Hotel Kasi's Inn,Tiruvarur"]
[Date "2015.11.16"]
[Round "2"]
[Board "6"]
[White "Sethuraman, S.P."]
[Black "Neelotpal, Das"]
[Result "0-1"]
[WhiteElo "2651"]
[BlackElo "2475"]
[PlyCount "68"]
[EventDate "2015.11.15"]
[EventRounds "13"]
[EventCountry "IND"]

1. e4 e5 2. Nf3 Nc6 3. Bb5 a6 4. Ba4 Nf6 5. O-O Be7 6. Re1 b5 7. Bb3 O-O 8. a4
Bb7 9. d3 d6 10. Bd2 Qd7 11. Nc3 Na5 12. Ba2 c5 13. h3 b4 14. Ne2 Bc6 15. Ng3
Bxa4 16. Nf5 Bd8 17. Ng5 Bc6 18. Re3 d5 19. Rg3 g6 20. f4 exf4 21. Bxf4 b3 22.
cxb3 dxe4 23. Nh6+ Kg7 24. b4 Bc7 25. Qd2 e3 26. Qxe3 Bxf4 27. Qxf4 Nh5 28. Qe3
Rae8 29. Qxc5 Nxg3 30. Nhxf7 Ne2+ 31. Kh1 Nb7 32. Qf2 Qd4 33. Rf1 Qxf2 34. Rxf2
Nd8 0-1

[Event "ONGC 53rd National Premier Chess Championship 2015"]
[Site "Hotel Kasi's Inn,Tiruvarur"]
[Date "2015.11.16"]
[Round "2"]
[Board "7"]
[White "Karthikeyan, P."]
[Black "Karthikeyan, Murali"]
[Result "1-0"]
[WhiteElo "2441"]
[BlackElo "2498"]
[PlyCount "105"]
[EventDate "2015.11.15"]
[EventRounds "13"]
[EventCountry "IND"]

1. e4 c5 2. Nf3 e6 3. d4 cxd4 4. Nxd4 a6 5. Bd3 d6 6. O-O Nf6 7. Qe2 Qc7 8. f4
Nbd7 9. c4 Be7 10. Nc3 h5 11. Nf3 h4 12. Bd2 Nh5 13. Rae1 b6 14. b4 Bb7 15. a3
Rd8 16. Qf2 Ndf6 17. Ng5 h3 18. Nxh3 Ng4 19. Qf3 Nhf6 20. Qg3 b5 21. Be2 Qb6+
22. Kh1 Rxh3 23. gxh3 Nxe4 24. Nxe4 Bxe4+ 25. Bf3 Bxf3+ 26. Qxf3 Nh6 27. Be3
Qb8 28. Qc6+ Kf8 29. Qxa6 bxc4 30. Qxc4 Qa8+ 31. Kg1 Qxa3 32. b5 Nf5 33. Bf2
Qxh3 34. Qe4 d5 35. Qe2 d4 36. b6 d3 37. Qe4 d2 38. Rd1 Qb3 39. Qc6 Ne3 40. Qf3
Bc5 41. b7 Qd3 42. Kh1 Kg8 43. Bxe3 Bxe3 44. Ra1 Kh7 45. Rfd1 Qd4 46. Ra8 Bxf4
47. Rxd8 Qxd8 48. Qxf4 Qd5+ 49. Kg1 Qxb7 50. Rxd2 Qb1+ 51. Kf2 f6 52. Qh4+ Kg6
53. Qg4+ 1-0

[Event "ONGC 53rd National Premier Chess Championship 2015"]
[Site "Hotel Kasi's Inn,Tiruvarur"]
[Date "2015.11.17"]
[Round "3"]
[Board "1"]
[White "Karthikeyan, Murali"]
[Black "Venkatesh, M.R."]
[Result "1-0"]
[WhiteElo "2498"]
[BlackElo "2464"]
[PlyCount "99"]
[EventDate "2015.11.15"]
[EventRounds "13"]
[EventCountry "IND"]

1. e4 e5 2. Nf3 Nc6 3. Bb5 a6 4. Ba4 d6 5. Bxc6+ bxc6 6. d4 f6 7. O-O Ne7 8.
Nc3 Ng6 9. Qd3 Qd7 10. Rd1 Qf7 11. Ne2 Be7 12. Ng3 O-O 13. h3 Re8 14. Qc3 Bb7
15. Re1 Bf8 16. dxe5 Nxe5 17. Nxe5 fxe5 18. Rf1 d5 19. f4 d4 20. Qd3 c5 21. c4
exf4 22. Bxf4 Qg6 23. Rae1 Bd6 24. Nf5 Be5 25. Rf3 Qc6 26. Qd2 Bxf4 27. Qxf4
Kh8 28. Qg3 Qd7 29. Qh4 Re6 30. Rg3 Rg8 31. Qf4 Qf7 32. Qg4 Qf6 33. Rf3 Qe5 34.
Rf4 d3 35. b3 d2 36. Rd1 Bxe4 37. Rxd2 Bxf5 38. Qxf5 Qe3+ 39. Rdf2 Rf6 40. Qe4
Qc1+ 41. Kh2 Rxf4 42. Qxf4 Qe1 43. Rd2 h6 44. Rd7 Qa1 45. Rxc7 Qxa2 46. Qe3 Qc2
47. Rxc5 Rb8 48. b4 Rxb4 49. Rc8+ Kh7 50. Qe6 1-0

[Event "ONGC 53rd National Premier Chess Championship 2015"]
[Site "Hotel Kasi's Inn,Tiruvarur"]
[Date "2015.11.17"]
[Round "3"]
[Board "2"]
[White "Neelotpal, Das"]
[Black "Karthikeyan, P."]
[Result "1/2-1/2"]
[WhiteElo "2475"]
[BlackElo "2441"]
[PlyCount "50"]
[EventDate "2015.11.15"]
[EventRounds "13"]
[EventCountry "IND"]

1. e4 e5 2. Nf3 Nc6 3. Bc4 Bc5 4. b4 Bxb4 5. c3 Ba5 6. d4 exd4 7. Qb3 Qf6 8.
O-O Nge7 9. cxd4 Bb6 10. e5 Qf5 11. d5 Nd4 12. Nxd4 Bxd4 13. Nc3 Bxe5 14. Ba3
d6 15. Nb5 Qd7 16. Rac1 O-O 17. f4 Bf6 18. Bd3 c5 19. dxc6 bxc6 20. Nxd6 Bd4+
21. Kh1 c5 22. Ne4 Qg4 23. Bxc5 Be6 24. Qa3 Bxc5 25. Nxc5 Bd5 1/2-1/2

[Event "ONGC 53rd National Premier Chess Championship 2015"]
[Site "Hotel Kasi's Inn,Tiruvarur"]
[Date "2015.11.17"]
[Round "3"]
[Board "3"]
[White "Sengupta, Deep"]
[Black "Sethuraman, S.P."]
[Result "0-1"]
[WhiteElo "2589"]
[BlackElo "2651"]
[PlyCount "64"]
[EventDate "2015.11.15"]
[EventRounds "13"]
[EventCountry "IND"]

1. e4 c5 2. Nf3 a6 3. c3 d5 4. exd5 Qxd5 5. d4 Nf6 6. Be2 e6 7. O-O Nc6 8. Be3
cxd4 9. Nxd4 Nxd4 10. Bxd4 Bd7 11. Bf3 Qd6 12. Bxb7 Rb8 13. Bf3 Rxb2 14. Nd2
Qc7 15. Nb3 Bd6 16. Qc1 Ba3 17. Qg5 Be7 18. Be5 Qc4 19. Qc1 Ba3 20. Qg5 Be7 21.
Rfd1 Rxf2 22. Rd4 Qc8 23. Qg3 Rc2 24. Rad1 Bb5 25. a4 Be2 26. Bxe2 Rxe2 27. Kf1
Nh5 28. Qd3 Rxe5 29. Rc4 Qb7 30. Nc5 Qd5 31. Rd4 Rf5+ 32. Ke1 Qe5+ 0-1

[Event "ONGC 53rd National Premier Chess Championship 2015"]
[Site "Hotel Kasi's Inn,Tiruvarur"]
[Date "2015.11.17"]
[Round "3"]
[Board "4"]
[White "Shyam, Sundar M."]
[Black "Das, Arghyadip"]
[Result "1/2-1/2"]
[WhiteElo "2481"]
[BlackElo "2456"]
[PlyCount "148"]
[EventDate "2015.11.15"]
[EventRounds "13"]
[EventCountry "IND"]

1. Nf3 d5 2. g3 g6 3. Bg2 Bg7 4. d4 Nf6 5. O-O O-O 6. c3 c6 7. Nbd2 Bf5 8. Re1
Nbd7 9. h3 h6 10. g4 Be6 11. g5 Nh7 12. gxh6 Bxh6 13. Nf1 Bxc1 14. Qxc1 Kg7 15.
e4 Rh8 16. e5 Qc8 17. Qf4 a5 18. Rad1 a4 19. h4 Qg8 20. Ne3 Kf8 21. b3 Qg7 22.
c4 Nb6 23. c5 Nd7 24. bxa4 Rxa4 25. Rc1 Kg8 26. Nf1 Ndf8 27. Rb1 Bc8 28. Qg3
Ne6 29. Bh3 Nhf8 30. Rb2 Ra7 31. Ne3 Bd7 32. Reb1 Bc8 33. Bg4 Ra4 34. Rd1 Ra8
35. Rdb1 Ra4 36. Rd1 Ra8 37. Rc1 Ra4 38. Rd2 Ra8 39. Rb1 Ra4 40. Bh3 Ra8 41.
Kf1 f5 42. exf6 exf6 43. Ke2 Rh7 44. Rg1 Qc7 45. Qxc7 Rxc7 46. Bxe6+ Bxe6 47.
Rb2 Kf7 48. Ne1 Bc8 49. N1c2 Ne6 50. a3 Re7 51. Kd2 Ng7 52. f3 Bf5 53. Re1 Ra7
54. Rb4 Bxc2 55. Nxc2 Rxe1 56. Nxe1 Nf5 57. Ng2 Kg7 58. a4 Kf7 59. Ke2 Ke7 60.
Kf1 Kd7 61. Kg1 Kc7 62. Kh2 Ra8 63. Kh3 Rh8 64. Kg4 Rh7 65. a5 Re7 66. Nf4 Nh6+
67. Kg3 g5 68. hxg5 fxg5 69. Nh3 Rg7 70. Ra4 g4 71. fxg4 Rxg4+ 72. Kf3 Re4 73.
Ng5 Re8 74. a6 bxa6 1/2-1/2

[Event "ONGC 53rd National Premier Chess Championship 2015"]
[Site "Hotel Kasi's Inn,Tiruvarur"]
[Date "2015.11.17"]
[Round "3"]
[Board "6"]
[White "Rathnakaran, K."]
[Black "Kunte, Abhijit"]
[Result "0-1"]
[WhiteElo "2447"]
[BlackElo "2515"]
[PlyCount "93"]
[EventDate "2015.11.15"]
[EventRounds "13"]
[EventCountry "IND"]

1. e4 c5 2. Nf3 e6 3. d3 d5 4. Nbd2 Nc6 5. g3 g6 6. Bg2 Bg7 7. O-O Nf6 8. c3
O-O 9. e5 Nd7 10. d4 a5 11. Re1 cxd4 12. cxd4 f6 13. Bh3 fxe5 14. Bxe6+ Kh8 15.
Bxd5 exd4 16. Bxc6 bxc6 17. Ne4 Nf6 18. Neg5 c5 19. Qb3 Qd5 20. Re5 Qxb3 21.
axb3 Bb7 22. Nh4 Bd5 23. Bd2 Bxb3 24. Rxc5 a4 25. Re1 Rae8 26. Rc7 Rxe1+ 27.
Bxe1 Re8 28. Ba5 Kg8 29. Nhf3 h6 30. Nh3 g5 31. Nxd4 Nd5 32. Rxg7+ Kxg7 33. f4
Re4 34. Nxb3 axb3 35. fxg5 hxg5 36. Nf2 Ra4 37. Be1 Rc4 38. Kf1 Rc2 39. Nd1
Rxh2 40. Nf2 Kg6 41. Ke2 Rh8 42. Kd3 Rc8 43. Kd4 Nb6 44. Ne4 Rc2 45. Nd2 Rxb2
46. Kd3 Na4 47. Kd4 0-1

[Event "ONGC 53rd National Premier Chess Championship 2015"]
[Site "Hotel Kasi's Inn,Tiruvarur"]
[Date "2015.11.17"]
[Round "3"]
[Board "7"]
[White "Shyaamnikhil, P"]
[Black "Vidit, Santosh Gujrathi"]
[Result "1/2-1/2"]
[WhiteElo "2436"]
[BlackElo "2651"]
[PlyCount "78"]
[EventDate "2015.11.15"]
[EventRounds "13"]
[EventCountry "IND"]

1. e4 c5 2. Nf3 e6 3. d4 cxd4 4. Nxd4 Nf6 5. Nc3 Nc6 6. Ndb5 d6 7. Bf4 e5 8.
Bg5 a6 9. Na3 b5 10. Nd5 Be7 11. Bxf6 Bxf6 12. c3 Rb8 13. Nc2 Bg5 14. Bd3 O-O
15. h4 Bh6 16. Nce3 Bxe3 17. Nxe3 Be6 18. Be2 Ne7 19. Qd2 d5 20. exd5 Nxd5 21.
Nxd5 Bxd5 22. O-O Bc4 23. Qxd8 Rfxd8 24. Rfe1 Rd2 25. Bxc4 bxc4 26. Rxe5 f6 27.
Re4 Rbxb2 28. Rf1 Rxa2 29. Rxc4 h6 30. Rc7 a5 31. c4 a4 32. g3 Rac2 33. Ra7
Rxc4 34. Re1 h5 35. Ree7 Rg4 36. Ra5 Rc4 37. Raa7 Rg4 38. Ra5 Rb4 39. Raa7 Rg4
 1/2-1/2

[Event "ONGC 53rd National Premier Chess Championship 2015"]
[Site "Hotel Kasi's Inn,Tiruvarur"]
[Date "2015.11.18"]
[Round "4"]
[Board "1"]
[White "Venkatesh, M.R."]
[Black "Vidit, Santosh Gujrathi"]
[Result "1/2-1/2"]
[WhiteElo "2464"]
[BlackElo "2651"]
[PlyCount "86"]
[EventDate "2015.11.15"]
[EventRounds "13"]
[EventCountry "IND"]

1. e4 e6 2. Qe2 c5 3. Nf3 Nc6 4. c3 Nf6 5. g3 d5 6. e5 Nd7 7. d4 b6 8. Na3 a5
9. Nb5 Ba6 10. Bg5 Qb8 11. Qc2 Qb7 12. Be2 Rc8 13. Rc1 h6 14. Bd2 Be7 15. a4
O-O 16. Qb1 cxd4 17. cxd4 Ndb8 18. O-O Qd7 19. Qd3 Na7 20. Qb3 Nbc6 21. Nc3
Bxe2 22. Nxe2 Nb4 23. Rxc8 Rxc8 24. Rc1 Rxc1+ 25. Bxc1 Qc8 26. Bd2 Qa6 27. Nc1
Nac6 28. Bc3 b5 29. Qd1 Na7 30. b3 bxa4 31. bxa4 Nc8 32. Nb3 Nb6 33. Qa1 Bf8
34. Ne1 Nc4 35. Nf3 Qc6 36. Nfd2 Nb6 37. Nxa5 Qxa4 38. Qxa4 Nxa4 39. Bxb4 Bxb4
40. Nab3 Nc3 41. Kf1 g5 42. f3 Kg7 43. Kf2 Nb5 1/2-1/2

[Event "ONGC 53rd National Premier Chess Championship 2015"]
[Site "Hotel Kasi's Inn,Tiruvarur"]
[Date "2015.11.18"]
[Round "4"]
[Board "2"]
[White "Kunte, Abhijit"]
[Black "Shyaamnikhil, P"]
[Result "1/2-1/2"]
[WhiteElo "2515"]
[BlackElo "2436"]
[PlyCount "51"]
[EventDate "2015.11.15"]
[EventRounds "13"]
[EventCountry "IND"]

1. d4 Nf6 2. Nf3 g6 3. g3 Bg7 4. Bg2 O-O 5. O-O d5 6. c4 c6 7. cxd5 cxd5 8. Nc3
Ne4 9. Bd2 Nc6 10. e3 Bg4 11. h3 Nxd2 12. Qxd2 Bxf3 13. Bxf3 e6 14. Na4 Qa5 15.
Qxa5 Nxa5 16. Rfc1 Rfc8 17. Nc5 b6 18. Nd3 Nc4 19. b3 Na3 20. Rxc8+ Rxc8 21.
Rc1 Rxc1+ 22. Nxc1 Bf8 23. Be2 Nc2 24. Bd3 Ba3 25. Bxc2 Bxc1 26. Kf1 1/2-1/2

[Event "ONGC 53rd National Premier Chess Championship 2015"]
[Site "Hotel Kasi's Inn,Tiruvarur"]
[Date "2015.11.18"]
[Round "4"]
[Board "3"]
[White "Swapnil, S. Dhopade"]
[Black "Rathnakaran, K."]
[Result "1-0"]
[WhiteElo "2497"]
[BlackElo "2447"]
[PlyCount "93"]
[EventDate "2015.11.15"]
[EventRounds "13"]
[EventCountry "IND"]

1. d4 Nf6 2. c4 c5 3. Nf3 cxd4 4. Nxd4 e5 5. Nb5 d5 6. cxd5 Bc5 7. N5c3 O-O 8.
g3 Qb6 9. e3 Bg4 10. Be2 Bxe2 11. Qxe2 e4 12. a3 Re8 13. Nd2 Qc7 14. g4 Qe5 15.
Nc4 Qg5 16. d6 Nbd7 17. b4 Rac8 18. Bb2 b5 19. h4 Qxg4 20. Qxg4 Nxg4 21. Nxb5
Bb6 22. Nxb6 axb6 23. Bc3 h5 24. Ke2 f6 25. Rhd1 Kf7 26. Nc7 Red8 27. a4 Nde5
28. Rd4 Nc6 29. Rd5 Rd7 30. a5 bxa5 31. bxa5 Nge5 32. a6 Na7 33. Rb1 Nc4 34.
Rb7 Nxd6 35. Rxa7 Rcxc7 36. Rxc7 Rxc7 37. a7 Rxa7 38. Rxd6 Rc7 39. Kd2 Kg6 40.
Rd5 Rb7 41. Kc2 Ra7 42. Kb3 Rb7+ 43. Bb4 Rc7 44. Bd6 Rc1 45. Bg3 Rh1 46. Kc4
Kh6 47. Rd4 1-0

[Event "ONGC 53rd National Premier Chess Championship 2015"]
[Site "Hotel Kasi's Inn,Tiruvarur"]
[Date "2015.11.18"]
[Round "4"]
[Board "4"]
[White "Das, Arghyadip"]
[Black "K., Praneeth Surya"]
[Result "1-0"]
[WhiteElo "2456"]
[BlackElo "2413"]
[PlyCount "73"]
[EventDate "2015.11.15"]
[EventRounds "13"]
[EventCountry "IND"]

1. e4 c5 2. Nf3 d6 3. d4 cxd4 4. Nxd4 Nf6 5. Nc3 a6 6. Be2 e5 7. Nb3 Be7 8. O-O
Be6 9. Be3 Nbd7 10. a4 Rc8 11. Qd2 Nb6 12. Rfd1 Nc4 13. Bxc4 Rxc4 14. Qd3 Ng4
15. Ba7 Rc6 16. a5 O-O 17. h3 Nh6 18. Nd5 Bxd5 19. exd5 Rc8 20. c4 f5 21. c5
Qd7 22. Rac1 Nf7 23. Bb6 e4 24. c6 bxc6 25. dxc6 Rxc6 26. Qxa6 Rxc1 27. Rxc1
Bf6 28. Nd4 Bxd4 29. Bxd4 f4 30. Qc6 Qf5 31. a6 Ng5 32. a7 Nxh3+ 33. gxh3 Qxh3
34. Qd5+ Kh8 35. Bxg7+ Kxg7 36. Qg5+ Kh8 37. Rc7 1-0